1762 1248 1094 1371 1715 1662 1194 1097 1545 1051 1323 1089 1239 1953 1796 1043 1503 1768 1467 1608 1046 1386 1543 1746 1337 1295 1398 1636 1406 1178 1661 1759 1513 1761 1664 1161 1639 1951 1031 1268 1494 1030 1949 1529 1255 1556 1929 1079 1841 1422 1209 1215 1131 1028 1863 1532 1860 1249 1229 1163 1484 1400 1034 1855 1319 1380 1861 1375 1762 1154 1700 1982 1248 1369 1007 1962 1252 1905 1840 1163 1036 1687 1139 1888 1466 1526 1728 1727 1739 1454 1628 1238 1776 1168 1903 1775 1876 1837 1524 BCNSPRNW ULIB Ver.6.0+V

เปลี่ยนเป็นภาษาไทย

Change to English
 แสดงรายละเอียดบรรณานุกรม
  กลับหน้าหลัก

Brief Record : Get Marc (ISO 2709) : E-mail record : QR code < ปิดหน้าต่าง
LEADER : 00000nam 2200000uu 4500
001    13399113599
003     ULIB
008    020711s2551 th a 000 0 tha d
020    9786169062615
090    นว.^bพ912ช 2551
100    เพฑูรย์
245    เชลยใจเจ้าพ่อ/^cเพฑูรย์
250    พิมพ์ครั้งที่ 3
260    กรุงเทพฯ :^bไลต์ ออฟ เลิฟ,^c2551
300    282 หน้า
710 1  ไลต์ ออฟ เลิฟ
945    ^p229^l0^i17063
995    ทศพร
999 ^a ทศพร
รายการนี้ยังไม่มีแท็ก
คุณยังไม่ได้ล็อกอิน คุณสามารถมีกิจกรรมร่วมกับเว็บไซต์ได้ แต่ต้องล็อกอินก่อน ::
  ล็อกอิน

รายการสื่อสารสนเทศ

ลำดับที่ ประเภท เลขเรียก/บาร์โค้ด สถานที่ สถานะ
1. นวนิยาย
นวนิยาย
นว. พ912ช 2551 ฉ.1 
  Barcode: 17063
ห้องสมุดวิทยาเขตสวรรค์ประชารักษ์
►นวนิยาย
บนชั้น
  ขอยืม

รายการใกล้เคียง
    ผู้แต่ง [เพฑูรย์]

BibComment


ยังไม่เคยถูกคอมเมนท์

คอมเมนท์ทรัพยากรรายการนี้
  คอมเมนท์: เชลยใจเจ้าพ่อ เพฑ..

สมาชิกที่บันทึกรายการนี้ไว้ในรายการโปรด
จิรวรรณ พวงสมบัติ

 Copyright 2026. Bcnsprnw @Library